Bilecik Bilecik Bilecik Bilecik Bilecik
Normal view MARC view

Entry Toplantı Adı

Number of records used in: 1

001 - KONTROL NUMARASI

  • Kontrol alanı: 40691

003 - KONTROL NUMARASI KİMLİĞİ

  • Kontrol alanı: TR-BiSEU

005 - SON İŞLEM TARİHİ VE ZAMANI

  • Kontrol alanı: 20260207002143.0

008 - SABİT UZUNLUKTAKİ VERİ ÖGELERİ - GENEL BİLGİ

  • Sabit uzunlukta kontrol alanı: 260207|| aca||aabn | a|a d

040 ## - KATALOGLAMA KAYNAĞI

  • Özgün kataloglama kurumu: TR-BiSEU
  • Çeviri kurumu: TR-BiSEU

111 ## - KONU BAŞLIKLARI - TOPLANTI ADI

  • Toplantı adı: Uluslararası Dünya Öğretmen Eğitimi Konferansı (1995)

670 ## - BİLGİNİN KAYNAĞI

  • Bilginin alındığı kaynak: KOHA: (TR-BiSEU)17473: Uluslararası Dünya Öğretmen Eğitimi Konferansı (1995), Uluslararası Dünya Öğretmen Eğitimi Konferansı (27 Ağustos-2 Eylül 1995).